El concepto de derecho.

Saved in:
Bibliographic Details
Main Author: Hart, H. L. A (autor)
Other Authors: Carrio, Genaro R. (traducción)
Format: Book
Published: Buenos Aires, Argentina: Abeledo-Perrot, 1968.
Edition:Segunda edición.
Subjects:
Tags: Add Tag
No Tags, Be the first to tag this record!

MARC

LEADER 00000nam a2200000 a 4500
001 UCV2652
003 CL-VaPUC
005 20220822114535.0
008 220701t1968 ||||| |||| 00| 0 eng d
999 |c 436591  |d 436589 
040 |c Pontificia Universidad Católica de Valparaíso 
082 0 4 |a 340.1 HAR 1968  |2 21 
100 0 |a Hart, H. L. A  |e autor  |9 257373 
245 1 3 |a El concepto de derecho. 
250 |a Segunda edición. 
260 |a Buenos Aires, Argentina:  |b Abeledo-Perrot,  |c 1968. 
300 |a 332 páginas. 
500 |a c.1 Donación Familia Prof. Alejandro Guzmán Brito. 
583 |a last modification  |c 19921006 00:00:00  |k Catalogador Asistente 
650 0 |a Filosofía del derecho   |9 255050 
650 0 |a Jurisprudencia  |9 255952 
700 |a Carrio, Genaro R.  |e traducción  |9 871944 
942 |c BK  |2 ddc  |n 0 
952 |0 0  |1 0  |2 ddc  |4 0  |6 340_100000000000000_HAR_1968  |7 0  |8 C_AGB  |9 584265  |a BIBDER  |b BIBDER  |d 2022-07-01  |e Donación  |i 5652399  |o 340.1 HAR 1968  |p 5652399  |r 2023-01-25  |t 1  |w 2022-07-01  |y BK_US  |k AGB